Sheepdog in the snow / (Record no. 4722)

MARC details
000 -LEADER
fixed length control field 01087nam a22003017a 4500
001 - CONTROL NUMBER
control field 4722
003 - CONTROL NUMBER IDENTIFIER
control field FISKH
005 - DATE AND TIME OF LATEST TRANSACTION
control field 20240925132837.0
008 - FIXED-LENGTH DATA ELEMENTS--GENERAL INFORMATION
fixed length control field 240925b cb ||||| |||| 00| 0 eng d
020 ## - INTERNATIONAL STANDARD BOOK NUMBER
International Standard Book Number 9780590187572
040 ## - CATALOGING SOURCE
Original cataloging agency FISKH
Language of cataloging eng
Transcribing agency FISKH
Modifying agency FISKH
050 ## - LIBRARY OF CONGRESS CALL NUMBER
Classification number PZ7.B15
082 ## - DEWEY DECIMAL CLASSIFICATION NUMBER
Edition number 823.914
100 ## - MAIN ENTRY--PERSONAL NAME
Personal name M.Baglio, Ben
Dates associated with a name 1960-
245 ## - TITLE STATEMENT
Title Sheepdog in the snow /
Statement of responsibility, etc. Ben M.Baglio Illustrations by Shelagh McNicholas Cover illustration by Mary Ann Lasher
250 ## - EDITION STATEMENT
Edition statement First printing in 1998
260 ## - PUBLICATION, DISTRIBUTION, ETC.
Place of publication, distribution, etc. New York :
Name of publisher, distributor, etc. Scholastic,
Date of publication, distribution, etc. 1998.
300 ## - PHYSICAL DESCRIPTION
Extent 156 pages :
Other physical details illustrations ;
Dimensions 20cm
505 ## - FORMATTED CONTENTS NOTE
Formatted contents note P<br/>
520 ## - SUMMARY, ETC.
Summary, etc. It's Christmas at Animal Ark, and Mandy and James have an idea: a party for all the pets in Welford. But when a wounded stray sheepdog turns up, Mandy finds it hard to keep her holiday spirit while trying to save its life.
521 8# - TARGET AUDIENCE NOTE
Target audience note 630L<br/>
Source Lexile<br/>
521 8# - TARGET AUDIENCE NOTE
Target audience note P<br/>
Source Raz-Plus<br/>
650 ## - SUBJECT ADDED ENTRY--TOPICAL TERM
Source of heading or term Animal Ark
Topical term or geographic name entry element Dogs
650 ## - SUBJECT ADDED ENTRY--TOPICAL TERM
Source of heading or term Realistic fiction
Topical term or geographic name entry element Winter
700 ## - ADDED ENTRY--PERSONAL NAME
Personal name McNicholas, Shelagh
Dates associated with a name Illustrator
942 ## - ADDED ENTRY ELEMENTS (KOHA)
Source of classification or shelving scheme Dewey Decimal Classification
Koha item type Books
Suppress in OPAC No
Holdings
Withdrawn status Lost status Source of classification or shelving scheme Damaged status Not for loan Collection Home library Current library Shelving location Date acquired Total Checkouts Full call number Barcode Date last seen Copy number Price effective from Koha item type
    Dewey Decimal Classification     Juvenile Fiction Footprints International School Library Network Toul Kork Campus Footprints International School Library Network Toul Kork Campus TTP Primary Orange Bookshelves 09/25/2024   BAG 823.914 PZ7.B15 2024-2083 09/25/2024 1 09/25/2024 Books